Strategická marketingová komunikácia neziskových organizácií

Princípy tvorby marketingovej komunikácie neziskových organizácií. Strategická komunikácia a plánovanie. Základné otázky komunikačného plánu. Ciele neziskových organizácií. Výber a manažovanie marketingových zamestnancov.

Gespeichert in:
Bibliographische Detailangaben
1. Verfasser: Dražová, Katarína
Format: Buchkapitel
Sprache:Slowakisch
Schlagworte:
Tags: Tag hinzufügen
Keine Tags, Fügen Sie das erste Tag hinzu!

MARC

LEADER 00000naa$a2200000$$$4500
001 0146436
005 20240502072636.7
041 0 |a slo 
044 |a SK 
245 1 0 |a Strategická marketingová komunikácia neziskových organizácií  |c Katarína Dražová 
520 |a Princípy tvorby marketingovej komunikácie neziskových organizácií. Strategická komunikácia a plánovanie. Základné otázky komunikačného plánu. Ciele neziskových organizácií. Výber a manažovanie marketingových zamestnancov. 
610 2 0 |a marketing 
610 2 0 |a komunikácia marketingová 
610 2 0 |a plánovanie 
610 2 0 |a zamestnanci 
610 2 0 |a organizácie neziskové 
100 1 |a Dražová, Katarína